| 000 | 00451nam a2200181Ia 4500 | ||
|---|---|---|---|
| 003 | GCL | ||
| 008 | 140319s9999 xx 000 0 eng d | ||
| 040 |
_aGCL / _cGCL |
||
| 082 | 0 | 4 |
_a818.03 _bD M |
| 100 | 1 | _aDAHESH | |
| 245 | 1 | 0 |
_aMEMORIES D'UN DINAR / _cDAHESH |
| 260 |
_a[S.N] : _bTHE DAHESHIST PUBLICHING CO. LTD ، _c1988 |
||
| 300 | _a399 | ||
| 650 | 0 | 4 | _aMISCELLANEOUS WRITINGS |
| 650 | 0 | 4 | _aVOYAGES |
| 650 | 0 | 4 | _aMEMORIES |
| 942 |
_2ddc _cBK |
||
| 999 |
_c13632 _d13632 |
||